LEADER 04370nam 2200625 450 001 9910627296703321 005 20230803021728.0 010 $a1-78924-412-9 010 $a1-78064-296-2 035 $a(CKB)2550000001126259 035 $a(EBL)1388960 035 $a(OCoLC)858762752 035 $a(SSID)ssj0000984056 035 $a(PQKBManifestationID)11611654 035 $a(PQKBTitleCode)TC0000984056 035 $a(PQKBWorkID)11010564 035 $a(PQKB)10544905 035 $a(MiAaPQ)EBC1388960 035 $a(EXLCZ)992550000001126259 100 $a20140812h20132013 uy 0 101 0 $aeng 135 $aur|n|---||||| 181 $ctxt 182 $cc 183 $acr 200 00$aInfectious forest diseases /$fedited by Paolo Gonthier and Giovanni Nicolotti ; with the assistance of Luana Giordano 210 1$aOxfordshire, England ;$aBoston, Massachusetts :$cCABI,$d2013. 210 4$dİ2013 215 $a1 online resource (681 p.) 300 $aDescription based upon print version of record. 311 $a1-78064-040-4 311 $a1-299-95671-8 320 $aIncludes bibliographical references at the end of each chapters and index. 327 $a""Contents""; ""Contributors""; ""Foreword""; ""Preface""; ""Contributorsa??? Acknowledgements""; ""List of Acronyms""; ""Introduction to Infectious Forest Diseases""; ""PART I: INTRODUCTORY CONCEPTS""; ""1 Concepts of Epidemiology of Forest Diseases""; ""2 General Strategies of Forest Disease Management""; ""PART II: NON-FUNGAL INFECTIOUS FOREST DISEASES""; ""3 Forest Diseases Caused by Viruses""; ""4 Forest Diseases Caused by Prokaryotes: Phytoplasmal and Bacterial Diseases""; ""5 Forest Diseases Caused by Higher Parasitic Plants: Mistletoes"" 327 $a""6 Pine Wilt Disease and Other Nematode Diseases""""PART III: FOREST DISEASES CAUSED BY FUNGI AND FUNGAL-LIKE ORGANISMS""; ""ROOT AND BUTT ROTS""; ""7 Annosus Root and Butt Rots""; ""8 Armillaria Root Rots""; ""9 Laminated and Tomentosus Root Rots""; ""STEM ROTS""; ""10 Heart Rots, Sap Rots and Canker Rots""; ""VASCULAR DISEASES""; ""11 Ceratocystis Diseases""; ""12 Dutch Elm Disease and Other Ophiostoma Diseases""; ""13 Blackstain Root Disease and Other Leptographium Diseases""; ""CANKER DISEASES""; ""14 Cankers and Other Diseases Caused by the Botryosphaeriaceae""; ""15 Chestnut Blight"" 327 $a""16 Other Cankers Caused by Cryphonectria and Sibling Species""""17 Cypress Canker""; ""18 Pitch Canker""; ""19 Larch Canker""; ""20 Hypoxylon Canker""; ""BRANCH AND TIP BLIGHTS""; ""21 Branch and Tip Blights""; ""FOLIAR DISEASES""; ""22 Dothistroma Needle Blight""; ""23 Other Foliar Diseases of Coniferous Trees""; ""24 Foliar Diseases of Broadleaved Trees""; ""OOMYCETE DISEASES""; ""25 Oomycete Diseases""; ""RUST DISEASES""; ""26 Tree Rusts""; ""PART IV: NURSERY DISEASES""; ""27 Seed, Seedling and Nursery Diseases""; ""PART V: INTRODUCED PATHOGENS"" 327 $a""28 Responding to Diseases Caused by Exotic Tree Pathogens""""Index""; ""A""; ""B""; ""C""; ""D""; ""E""; ""F""; ""G""; ""H""; ""I""; ""J""; ""K""; ""L""; ""M""; ""N""; ""O""; ""P""; ""Q""; ""R""; ""S""; ""T""; ""U""; ""V""; ""W""; ""X""; ""Y""; ""Z""; ""Colour plate"" 330 $aThis title offers uniquely international coverage of the latest advances in the epidemiology and management of major forest pathogens. The threats to forest health around the world are increasingly attracting international attention. This is the first book on the market to cover forest diseases on an international scale. It is a timely publication as the health of forests around the world are under increasing threat. It covers all recent advances in the management of forest diseases, including the epidemiology and infection biology of forest pathogens, and forest protection based on integrated 606 $aTrees$xDiseases and pests 606 $aForest health 606 $aForest protection 615 0$aTrees$xDiseases and pests. 615 0$aForest health. 615 0$aForest protection. 676 $a582.16 702 $aGonthier$b Paolo 702 $aNicolotti$b Giovanni 702 $aGiordano$b Luana 801 0$bMiAaPQ 801 1$bMiAaPQ 801 2$bMiAaPQ 906 $aBOOK 912 $a9910627296703321 996 $aInfectious forest diseases$92973127 997 $aUNINA LEADER 01032nam2 22002653i 450 001 VAN00257548 005 20240806101451.377 010 $a88-13-16155-7 100 $a20230427d1992 |0itac50 ba 101 $aita 102 $aIT 105 $a|||| ||||| 200 0 $a3 215 $aPadova$cCedam, 1992. -1211-1832 p.$d24 cm 300 $aRiproduzione facsimilare dell'edizione: Padova : La litotipo, 1914 461 1$1001VAN00257545$12001 $aCorso di diritto amministrativo$fFederico Cammeo$1210 $aPadova$cCedam$1215 $avolumi$d24 cm$v3 620 $dPadova$3VANL000007 700 1$aCammeo$bFederico$3VANV036352$0231090 712 $aCEDAM $3VANV111515$4650 801 $aIT$bSOL$c20250131$gRICA 899 $aBIBLIOTECA DEL DIPARTIMENTO DI GIURISPRUDENZA$1IT-CE0105$2VAN00 912 $aVAN00257548 950 $aBIBLIOTECA DEL DIPARTIMENTO DI GIURISPRUDENZA$d00CONS IV.Ca.133 3 $e00UBG253 20230428 $sBuono 996 $a3$94209464 997 $aUNICAMPANIA